UM Logo

Adaptive virtual resistance for postfault oscillation damping in grid-forming inverters / (Record no. 18954)

MARC details
000 -LEADER
fixed length control field 00932nam a22002177a 4500
003 - CONTROL NUMBER IDENTIFIER
control field OSt
005 - DATE AND TIME OF LATEST TRANSACTION
control field 20250911174034.0
008 - FIXED-LENGTH DATA ELEMENTS--GENERAL INFORMATION
fixed length control field 240206b ||||| |||| 00| 0 eng d
040 ## - CATALOGING SOURCE
Transcribing agency 0
082 ## - DEWEY DECIMAL CLASSIFICATION NUMBER
Classification number DPer 621.381 In821 April 2022 v. 37 n. 4
100 ## - MAIN ENTRY--PERSONAL NAME
Personal name Me, Si Phu.
Relator term author.
9 (RLIN) 51616
245 ## - TITLE STATEMENT
Title Adaptive virtual resistance for postfault oscillation damping in grid-forming inverters /
Statement of responsibility, etc. Si Phu Me, Sasan Zabihi, Frede Blaabjerg, and Behrooz Bahrani.
260 ## - PUBLICATION, DISTRIBUTION, ETC. (IMPRINT)
Place of publication, distribution, etc. New York ;
Name of publisher, distributor, etc. The Institute of Electrical and Electronics Engineers, Inc. ,
Date of publication, distribution, etc. April 2022.
300 ## - PHYSICAL DESCRIPTION
Extent Volume 37, pages 3813-3824 :
Other physical details illustration ;
Dimensions 28 cm.
500 ## - GENERAL NOTE
General note IEEE Transaction on Power Electronics, vol. 37, no. 4, pages 3813-3824, April 2022.
700 ## - ADDED ENTRY--PERSONAL NAME
Personal name Me, Si Phu.
Relator term author.
9 (RLIN) 51616
700 ## - ADDED ENTRY--PERSONAL NAME
Personal name Zabihi, Sasan.
Relator term author.
9 (RLIN) 51617
700 ## - ADDED ENTRY--PERSONAL NAME
Personal name Blaabjerg, Frede.
Relator term author.
9 (RLIN) 51618
700 ## - ADDED ENTRY--PERSONAL NAME
Personal name Bahrani, Behrooz.
Relator term author.
9 (RLIN) 51619
942 ## - ADDED ENTRY ELEMENTS (KOHA)
Source of classification or shelving scheme Dewey Decimal Classification
Koha item type Periodicals
Holdings
Withdrawn status Lost status Source of classification or shelving scheme Damaged status Not for loan Collection code Home library Current library Date acquired Total Checkouts Full call number Date last seen Price effective from Koha item type Public note
    Dewey Decimal Classification     Periodicals UM Digos College - LIC UM Digos College - LIC 02/06/2024   DPer 621.381 In821 April 2022 v. 37 n. 4 02/06/2024 02/06/2024 Periodicals Periodical Article